| Поле | Название | Значение |
| |
Тип записи |
a |
| |
Библиографический уровень |
m |
| 001 |
Контрольный номер |
RU/URAIT/583218 |
| 005 |
Дата корректировки |
20260429163617.6 |
| 008 |
Кодируемые данные |
260429s2026 RU y f j 000 0 rus u |
| 020 |
Индекс ISBN |
__ |
| a |
ISBN |
978-5-534-00233-1 |
| c |
Цена, тираж |
1269.00 |
| 040 |
Источник каталогиз. |
__ |
| a |
Служба первич. каталог. |
ИКО Юрайт |
| c |
Служба, преобразующая запись |
ИКО Юрайт |
| e |
Правила каталог. |
RCR |
| 041 |
Код языка издания |
__ |
| a |
Код языка текста |
rus |
| 044 |
Код страны публикации |
__ |
| a |
Код страны публикации |
RU |
| 080 |
Индекс УДК |
__ |
| a |
Индекс УДК |
519.83(075.8) |
| 084 |
Индекс другой классификации/Индекс ББК |
__ |
| 2 |
Источник индекса |
rubbk |
| a |
Индекс другой классификации/Индекс ББК |
22.18я73 |
| 100 |
Автор |
__ |
| a |
Автор |
Челноков А. Ю. |
| q |
Полное имя |
Челноков Александр Юрьевич |
| 245 |
Заглавие |
__ |
| a |
Заглавие |
Теория игр |
| b |
Продолж. заглавия |
учебник и практикум для вузов |
| c |
Ответственность |
А. Ю. Челноков. |
| 256 |
Характеристики компьютерного файла |
__ |
| a |
Характеристики компьютерного файла |
Электрон. дан. |
| 260 |
Выходные данные |
__ |
| a |
Место издания |
Москва |
| b |
Издательство |
Юрайт |
| c |
Дата издания |
2026 |
| 300 |
Физическое описание |
__ |
| a |
Объем |
223 с |
| 440 |
Серия |
__ |
| a |
Серия |
Высшее образование |
| 500 |
Примечания |
__ |
| a |
Примечание |
URL: https://urait.ru/bcode/583218 (дата обращения: 29.04.2026). |
| 520 |
Аннотация |
__ |
| a |
Аннотация |
Теория игр является основой теоретических моделей современной экономической науки. Терминология и методы теории игр активно используются в микроэкономике, экономике отраслевых рынков, теории финансов, институциональной экономике и др. Вместе с тем результаты теории игр позволяют взглянуть с новой точки зрения не только на теоретические вопросы, но и на ряд практических ситуаций. Курс охватывает все основные разделы теории игр: бескоалиционные игры с полной и неполной информацией, кооперативные игры, эволюционные игры. |
| 538 |
Прим. о системных особенностях |
__ |
| a |
Прим. о системных особенностях |
Режим доступа: Электронно-библиотечная система Юрайт, для авториз. пользователей |
| 653 |
Ключевые слова |
__ |
| a |
Ключевые слова |
Математика: общие работы |
| 653 |
Ключевые слова |
__ |
| a |
Ключевые слова |
Математика и статистика |
| 653 |
Ключевые слова |
__ |
| a |
Ключевые слова |
Теория игр и методы принятия решений |
| 653 |
Ключевые слова |
__ |
| a |
Ключевые слова |
Теория игр и исследование операций |
| 653 |
Ключевые слова |
__ |
| a |
Ключевые слова |
Теория игр |
| 653 |
Ключевые слова |
__ |
| a |
Ключевые слова |
Кооперативные игры |
| 653 |
Ключевые слова |
__ |
| a |
Ключевые слова |
Модели выбора и кооперативные игры |
| 653 |
Ключевые слова |
__ |
| a |
Ключевые слова |
Основы теории игр |
| 653 |
Ключевые слова |
__ |
| a |
Ключевые слова |
Исследование операций и теория игр |
| 653 |
Ключевые слова |
__ |
| a |
Ключевые слова |
Элементы теории игр |
| 653 |
Ключевые слова |
__ |
| a |
Ключевые слова |
Теория игр и принятия решений |
| 653 |
Ключевые слова |
__ |
| a |
Ключевые слова |
Алгоритмическая теория игр |
| 653 |
Ключевые слова |
__ |
| a |
Ключевые слова |
Теория игр и программирование |
| 653 |
Ключевые слова |
__ |
| a |
Ключевые слова |
Теория игр в практике международных отношений |
| 653 |
Ключевые слова |
__ |
| a |
Ключевые слова |
Теория игр в управлении организационными системами |
| 653 |
Ключевые слова |
__ |
| a |
Ключевые слова |
Теория игр в принятии решений |
| 653 |
Ключевые слова |
__ |
| a |
Ключевые слова |
Методы оптимальных решений и теория игр |
| 653 |
Ключевые слова |
__ |
| a |
Ключевые слова |
Алгоритмы и теория игр |
| 653 |
Ключевые слова |
__ |
| a |
Ключевые слова |
Интеллектуальные системы и теория игр |
| 653 |
Ключевые слова |
__ |
| a |
Ключевые слова |
Математическая теория игр |
| 653 |
Ключевые слова |
__ |
| a |
Ключевые слова |
Методы оптимизации и теория игр и исследование операций |
| 653 |
Ключевые слова |
__ |
| a |
Ключевые слова |
Теория игр и принятие решений |
| 653 |
Ключевые слова |
__ |
| a |
Ключевые слова |
Методы теории игр в задачах информационного противоборства |
| 856 |
Электронный адрес документа |
40 |
| n |
Местонахождение сервера |
Юрайт |
| g |
|
Электронная книга |
| q |
Тип электронного формата |
html |
| h |
Имя пользователя |
ЮРАЙТ |
| v |
Часы доступа к ресурсу |
20271231 |
| 2 |
Способ доступа |
Показать документ |
| x |
Служебное примечание |
https://urait.ru/book/cover/417C6E50-EA5E-4569-8D24-807ED9F84845 |
| u |
URL |
https://urait.ru/bcode/583218 |
| 856 |
Электронный адрес документа |
48 |
| q |
Тип электронного формата |
cover |
| u |
URL |
https://urait.ru/book/cover/417C6E50-EA5E-4569-8D24-807ED9F84845 |
| 911 |
|
__ |
| u |
|
0030=https://urait.ru/bcode/583218 |
| 911 |
|
__ |
| u |
|
073a=9785534002331 |
| u |
|
073d=1269.00 |
| 911 |
|
__ |
| u |
|
106a=s |
| 911 |
|
__ |
| u |
|
900l= |
| 952 |
Тип литературы |
__ |
| i |
Дисциплина |
Теория игр и методы принятия решений |
| 952 |
Тип литературы |
__ |
| i |
Дисциплина |
Теория игр и исследование операций |
| 952 |
Тип литературы |
__ |
| i |
Дисциплина |
Теория игр |
| 952 |
Тип литературы |
__ |
| i |
Дисциплина |
Кооперативные игры |
| 952 |
Тип литературы |
__ |
| i |
Дисциплина |
Модели выбора и кооперативные игры |
| 952 |
Тип литературы |
__ |
| i |
Дисциплина |
Основы теории игр |
| 952 |
Тип литературы |
__ |
| i |
Дисциплина |
Исследование операций и теория игр |
| 952 |
Тип литературы |
__ |
| i |
Дисциплина |
Элементы теории игр |
| 952 |
Тип литературы |
__ |
| i |
Дисциплина |
Теория игр и принятия решений |
| 952 |
Тип литературы |
__ |
| i |
Дисциплина |
Алгоритмическая теория игр |
| 952 |
Тип литературы |
__ |
| i |
Дисциплина |
Теория игр и программирование |
| 952 |
Тип литературы |
__ |
| i |
Дисциплина |
Теория игр в практике международных отношений |
| 952 |
Тип литературы |
__ |
| i |
Дисциплина |
Теория игр в управлении организационными системами |
| 952 |
Тип литературы |
__ |
| i |
Дисциплина |
Теория игр в принятии решений |
| 952 |
Тип литературы |
__ |
| i |
Дисциплина |
Методы оптимальных решений и теория игр |
| 952 |
Тип литературы |
__ |
| i |
Дисциплина |
Алгоритмы и теория игр |
| 952 |
Тип литературы |
__ |
| i |
Дисциплина |
Интеллектуальные системы и теория игр |
| 952 |
Тип литературы |
__ |
| i |
Дисциплина |
Математическая теория игр |
| 952 |
Тип литературы |
__ |
| i |
Дисциплина |
Методы оптимизации и теория игр и исследование операций |
| 952 |
Тип литературы |
__ |
| i |
Дисциплина |
Теория игр и принятие решений |
| 952 |
Тип литературы |
__ |
| i |
Дисциплина |
Методы теории игр в задачах информационного противоборства |